000 01853cas a2200517 a 4500
001 data
005 20260322212101.0
008 data
010 _asf 97020501
_zsc 82003350
016 7 _a8205577
_2DNLM
016 7 _aA33820000
_2DNLM
016 7 _a009832885
_2Uk
022 _a0931-9913
_y0173-6973
_2z
023 0 _a0931-9913
_2z
029 0 _aNLM
_b8205577
029 1 _aAU@
_b000002380468
030 _aAUSSEI
035 _a(OCoLC)8447082
040 _aNLM
_beng
_cNLM
_dOCLCQ
_dNST
_dSER
_dNSD
_dNLM
_dCAS
_dHUL
_dNLM
_dDLC
_dOCLCQ
_dUKMGB
_dOCLCQ
_dOCLCO
_dOCLCA
_dEYM
_dOCLCO
_dOCLCF
_dHUL
_dOCLCQ
041 0 _aeng
_aeng
042 _ansdp
_ansdp
050 0 0 _aCLASSED SEPARATELY
060 0 0 _aW1
_bAN47R
210 0 _aAnn. Univ. Sarav. med., Suppl.
222 0 _aAnnales Universitatis Saraviensis medicinae. Supplement
245 0 0 _aAnnales Universitatis Saraviensis medicinae.
_pSupplement.
260 _aSaarbrücken/Homburg :
_bUniversität des Saarlandes, Medizinische Fakultät,
_c1980-
300 _avolumes :
_billustrations (some color) ;
_c30 cm
310 _aIrregular
336 _atext
_btxt
_2rdacontent
337 _aunmediated
_bn
_2rdamedia
338 _avolume
_bnc
_2rdacarrier
362 0 _a1-
500 _aTitle from cover.
510 2 _aChemical abstracts
_x0009-2258
_b-1987
546 _aChiefly German, some English; summaries in English and German.
588 _aLatest issue consulted: 8, published in 1992.
650 0 _aMedicine.
650 2 _aMedicine.
650 7 _aMedicine.
_2fast
_0(OCoLC)fst01014893
655 2 _aPeriodical.
710 2 _aUniversität des Saarlandes.
_bMedizinische Fakultät Homburg/Saar.
772 0 _tAnnales Universitatis Saraviensis medicinae
_x0173-6973
_w(OCoLC)20822889
_w(OCoLC)20822889
906 _a7
_bcbc
_cserials
_d2
_encip
_f19
_gn-oclcserc
999 _c1458
_d1458